| 000 -ლიდერი |
| ფიქსირებული სიგრძის საკონტროლო ველი |
01558nam a2200181Ia 4500 |
| 001 - საკონტროლო ნომერი |
| საკონტროლო ველი |
12311 |
| 003 - საკონტროლო ნომრის იდენტიფიკატორი |
| საკონტროლო ველი |
GE_BSU |
| 005 - ბოლო ოპერაციის თარიღი და დრო |
| საკონტროლო ველი |
20260220134253.0 |
| 008 - ფიქსირებული სიგრძის მონაცემთა ელემენტები - ზოგადი ინფორმაცია |
| ფიქსირებული სიგრძის საკონტროლო ველი |
181216s2013||||ge |||||||||||||| ||geo|| |
| 040 ## - კატალოგიზაციის წყარო |
| Transcribing agency |
GE_BSU |
| 041 ## - ენის კოდი |
| Language code of text/sound track or separate title |
geo |
| 080 ## - უნივერსალური ათობითი კლასიფიკაციის ინდექსი |
| Universal Decimal Classification number |
821.353.1-3 შ-47 |
| 245 ## - ცნობა სათაურის შესახებ |
| Title |
შემოდგომის ლეგენდა: |
| Remainder of title |
ახალი სახეები, ახალი სახელები, შენი ხელწერა 2010.-"სამშობლო სტუდენტური ლიტერატურული კონკურსი : ივ. ჯავახიშვილის სახ. თსუ-ს და კომპანია ჯეოსელის ერთობლივი პროექტი : 5 წლის საიუბილეო გამოცემა, 2009-2013. მთებო"-დაბრუნება. / |
| Statement of responsibility, etc |
თამარ ფოლადაშვილი, უჩა ზაქაშვილი, დავით ჩიხლაძე. |
| 264 ## - წარმოების, გამოცემის, დისტრიბუციის და სხვა ცნობები |
| გამოცემის, წარმოების, დისტრიბუციის... ადგილი |
თბილისი, |
| გამოცემის, წარმოების, დისტრიბუციის... თარიღი |
2013. |
| 300 ## - ფიზიკური აღწერა |
| Extent |
40 გვ. : |
| Other physical details |
ნახ. ; |
| Dimensions |
21 სმ. |
| 520 ## - SUMMARY, ETC. |
| Summary, etc |
ივანე ჯავახიშვილის სახ.თბილისის სახ.უნ-ტის და კომპანია ჯეოსელის ერთობლივი პროექტი.სტუდენტური ლიტ-ლი კონკურსი შემოდგომის ლეგენდა.5წ.საიუბილეო გამოც.2009-2013. |
| 942 ## - ADDED ENTRY ELEMENTS (KOHA) |
| Koha item type |
წიგნი |
| Source of classification or shelving scheme |
|